000 01010nam a22002417a 4500
003 OSt
005 20250911164926.0
008 240222b ||||| |||| 00| 0 eng d
040 _c0
082 _aDPer 621.317 Ie21 May 2022 v. 37 n. 5
100 _aZou, Yuhang.
_eauthor.
_953020
245 _aA unified carrier-based pulsewidth modulation for three-phase vienna-type rectifiers /
_cYuhang Zou, Li Zhang, Yan Xing, Zhe Zhang, Hao Zhao, and Zhongshu Zheng.
260 _aNew York ;
_bThe Institute of Electrical and Electronics Engineers, Inc. ,
_cMay 2022.
300 _aVolume 37, pages 5749-5762 :
_billustration ;
_c28 cm.
500 _aIEEE Transactions on Power Electronics, vol. 37, no. 5, pages 5749-5762, May 2022.
700 _aZou, Yuhang.
_eauthor.
_953020
700 _aZhang, Li.
_eauthor.
_953021
700 _aXing, Yan.
_eauthor.
_953022
700 _aZhang, Zhe.
_eauthor.
_953023
700 _aZhao, Hao.
_eauthor.
_953024
700 _aZheng, Zhongshu.
_eauthor.
_953025
942 _2ddc
_cPER
999 _c19286
_d19286